Biggest Immigrant Groups by Decade in the UK - Statistics

General Stats
  • This quiz has been taken 25,554 times
    20,328 since last reset
  • The average score is 13 of 18
Answer Stats
Years Country % Correct
1951, 1961, 1971, 1981, 1991, 2001, 2011, 2021 India
96%
1951 France
92%
1951, 1961, 1971, 1981, 1991, 2001, 2011 United States
92%
1971, 1981, 1991, 2001, 2011, 2021 Pakistan
91%
1951, 1961, 1971, 1981, 1991, 2001, 2011, 2021 Germany
88%
1951, 1961 Canada
85%
1951, 1961, 1971, 1981, 1991, 2001, 2011, 2021 Ireland
85%
1951, 1961 Russia
84%
1951, 1961, 1971, 1981, 2011, 2021 Poland
82%
1951 Australia
80%
1951, 1961, 1971, 1981, 1991, 2001, 2021 Italy
79%
1991, 2001, 2011, 2021 Bangladesh
73%
2011, 2021 Nigeria
70%
2001, 2011, 2021 South Africa
69%
2021 Romania
54%
1971, 1981, 1991, 2001 Kenya
40%
1961, 1971, 1981, 1991, 2001, 2011 Jamaica
35%
1961, 1971, 1981, 1991 Cyprus
9%
No matching quizzes found
Score Distribution
Percent of People with Each Score
Percentile by Number Answered
Your Score History
You have not taken this quiz since the last reset